Hỏi đáp về kỹ thuật điện hạ áp

Сохранить в:
Библиографические подробности
Главные авторы:  Hỏi đáp về kỹ thuật điện hạ áp,  Phạm, Văn Khiết
Формат: Sách
Язык:Undetermined
Опубликовано:  Bách khoa Hà Nội  2017
Предметы:
Метки: Добавить метку
Нет меток, Требуется 1-ая метка записи!
Thư viện lưu trữ: Trung tâm Thư viện - Trường Đại học Công nghiệp TP. Hồ Chí Minh
LEADER 00576nam a2200157Ia 4500
001 UIH_08106
008 241002s9999 xx 000 0 und d
082 |a  621.31 
100 |a  Hỏi đáp về kỹ thuật điện hạ áp 
100 |a  Phạm, Văn Khiết 
245 0 |a  Hỏi đáp về kỹ thuật điện hạ áp 
260 |b  Bách khoa Hà Nội 
260 |c  2017 
650 |a Điện hạ áp; Kĩ thuật điện 
927 |a Sách 
980 |a Trung tâm Thư viện - Trường Đại học Công nghiệp TP. Hồ Chí Minh